|
|
|
|
| LEADER |
01568nam a2200433Ia 4500 |
| 001 |
EBC168504 |
| 003 |
MiAaPQ |
| 005 |
20200520144314.0 |
| 006 |
m o d | |
| 007 |
cr cn||||||||| |
| 008 |
000726s2001 enka sb 001 0 eng d |
| 010 |
|
|
|z 00059190
|
| 015 |
|
|
|a GBA0-V7716
|
| 020 |
|
|
|z 0203186036
|
| 020 |
|
|
|z 0415238633 (alk. paper)
|
| 035 |
|
|
|a (MiAaPQ)EBC168504
|
| 035 |
|
|
|a (Au-PeEL)EBL168504
|
| 035 |
|
|
|a (CaPaEBR)ebr10053754
|
| 035 |
|
|
|a (CaONFJC)MIL40217
|
| 035 |
|
|
|a (OCoLC)475875816
|
| 040 |
|
|
|a MiAaPQ
|c MiAaPQ
|d MiAaPQ
|
| 050 |
|
4 |
|a HB501
|b .D827 2001
|
| 082 |
0 |
4 |
|a 330.12/2
|2 21
|
| 100 |
1 |
|
|a Dunning, John H.
|
| 245 |
1 |
0 |
|a Global capitalism at bay?
|h [electronic resource] /
|c John H. Dunning.
|
| 260 |
|
|
|a London ;
|a New York :
|b Routledge,
|c 2001.
|
| 300 |
|
|
|a xii, 367 p. :
|b ill.
|
| 490 |
1 |
|
|a Routledge studies in international business and the world economy ;
|v 21
|
| 504 |
|
|
|a Includes bibliographical references and index.
|
| 533 |
|
|
|a Electronic reproduction. Ann Arbor, MI : ProQuest, 2015. Available via World Wide Web. Access may be limited to ProQuest affiliated libraries.
|
| 650 |
|
0 |
|a Capitalism.
|
| 650 |
|
0 |
|a Globalization.
|
| 650 |
|
0 |
|a Competition, International.
|
| 650 |
|
0 |
|a International finance.
|
| 650 |
|
0 |
|a Economic history
|y 1990-
|
| 655 |
|
4 |
|a Electronic books.
|
| 710 |
2 |
|
|a ProQuest (Firm)
|
| 830 |
|
0 |
|a Routledge studies in international business and the world economy ;
|v 21.
|
| 856 |
4 |
0 |
|u https://ebookcentral.proquest.com/lib/matrademy/detail.action?docID=168504
|z Click to View
|